| 000 | 00728naa a22002771a 4500 | ||
|---|---|---|---|
| 001 | 60095 | ||
| 003 | CO-BoRNBP | ||
| 005 | 20251210151951.0 | ||
| 007 | ta | ||
| 008 | 199007s1981----esp-----------000-n-spa-c | ||
| 020 | _a8471664402 | ||
| 040 |
_aCO-BoUNC _bspa _c22 |
||
| 082 |
_a142.3 _bF375k |
||
| 084 | _a125 | ||
| 100 | 1 |
_aFerrari, Jean _967748 |
|
| 245 | 1 |
_aKant o la invencion del hombre / _cde Francisco Lopez Castro |
|
| 250 | _a1a. edición | ||
| 300 | _a304 p | ||
| 336 |
_2rdacontent _atexto _btxt |
||
| 337 |
_2rdamedia _asin mediación _bn |
||
| 338 |
_2rdacarrier _avolumen _bnc |
||
| 600 | 1 |
_aKant, Immanuel 1724-1804 _938294 |
|
| 650 | 1 |
_aFilosofia Moderna _2LEMB _911236 |
|
| 942 |
_2ddc _cBK |
||
| 967 | _aJHV | ||
| 999 |
_c60095 _d60095 |
||